| 000 | 00695nam a2200229 a 4500 | ||
|---|---|---|---|
| 005 | 20210223124512.0 | ||
| 008 | 011106s1997 mx r 000 0 spa d | ||
| 020 | _a0792347021 | ||
| 035 | _aUPN01000113760 | ||
| 049 | _aCG | ||
| 050 | 4 |
_aP53.4 _bL3.6 |
|
| 245 | 0 | 0 |
_aLanguage testing and assessment / _cedit. by Caroline Clapham and David Corson |
| 260 |
_aDordrecht, Hol. : _bKluwer, _cc1997 |
||
| 300 | _axix, 252 p. | ||
| 440 | 0 |
_aEncyclopedia of language and education _v7 |
|
| 650 | 4 |
_aLENGUAJE Y LENGUAS - _xPRUEBAS DE HABILIDAD. |
|
| 700 | 1 |
_aClapham, Caroline, _eed. |
|
| 700 | 1 |
_aCorson, David, _d1945-2001 _eed. _938236 |
|
| 901 | _a186656 | ||
| 902 | _aBDV/cav | ||
| 905 | _aLibro | ||
| 999 |
_c87668 _d87668 |
||